Kanye West Albums - Statistics

General Stats
  • This quiz has been taken 196 times
    42 since last reset
  • The average score is 15 of 16
Answer Stats
Release Date Answer % Correct
September 11, 2007 Graduation
100%
June 1, 2018 Ye
100%
March 28, 2026 BULLY
97%
November 22, 2010 My Beautiful Dark Twisted Fantasy
97%
February 10, 2004 The College Dropout
97%
February 14, 2016 The Life Of Pablo
95%
August 29, 2021 Donda
92%
October 25, 2019 Jesus Is King
92%
August 30, 2005 Late Registration
92%
August 3, 2024 VULTURES 2
92%
June 18, 2013 Yeezus
92%
April 29, 2025 DONDA 2
89%
February 10, 2024 VULTURES 1
89%
June 8, 2018 Kids See Ghosts
86%
November 24, 2008 808s And Heartbreak
84%
August 8, 2011 Watch The Throne
81%
No matching quizzes found
Score Distribution
Percent of People with Each Score
Percentile by Number Answered
Your Score History
You have not taken this quiz since the last reset